000 00364nam a2200121Ia 4500
008 220120s9999||||xx |||||||||||||| ||und||
020 _a978-0-07-058370-2
100 _aMurthy, Srinivasa, P.L and Das, J.B.K
245 0 _aMechanical vibrations
260 _aSapna book house
_bNew Delhi
_c2005
300 _aXX, 801p.
_b195
650 _aINSTRUMENT AND MEASURMENTATION
999 _c132188
_d132188